Band Members by Instrument - Early Rock and Roll Edition - Statistics

General Stats
  • This quiz has been taken 93 times
  • The average score is 11 of 49
Answer Stats
Band or Artist Instrument or Role Answer % Correct
Chuck Berry (1957-1958 - first two studio albums) Vocals, Lead Guitar Chuck Berry
95%
Elvis Presley (1956 - second studio album) Vocals Elvis Presley
94%
Ray Charles (1958 - at Newport Jazz Festival) Vocals, Keyboards Ray Charles
91%
Bo Diddley (1958-1959 - first two studio albums) Vocals, Lead Guitar Bo Diddley
84%
Little Richard (1957 - first studio album) Vocals, Piano Little Richard
84%
The Beach Boys (1963-1972) Vocals, Bass Brian Wilson
81%
The Beach Boys (1963-1972) Vocals, Lead Guitar Carl Wilson
80%
The Beach Boys (1963-1972) Vocals, Drums Dennis Wilson
80%
The Crickets (1957-1958) Vocals, Lead Guitar Buddy Holly
69%
The Ventures (1960-1968) Rhythm Guitar Don Wilson
63%
The Beach Boys (1963-1972) Vocals Mike Love
61%
The Beach Boys (1963-1972) Vocals, Rhythm Guitar Al Jardine
36%
The Ventures (1960-1968) Drums Howie Johnson / Mel Taylor
23%
Chuck Berry (1957-1958 - first two studio albums) Piano Johnnie Johnson / Lafayette Leake
23%
Bo Diddley (1958-1959 - first two studio albums) Rhythm Guitar (second album only) Peggy Jones
17%
The Beach Boys (1963-1972) Vocals, Keyboards (1965-1972) Bruce Johnston
14%
Elvis Presley (1956 - second studio album) Guitar Scotty Moore
13%
Elvis Presley (1956 - second studio album) Drums D.J. Fontana
11%
Bo Diddley (1958-1959 - first two studio albums) Maracas, Vocals Jerome Green
9%
Elvis Presley (1956 - second studio album) Double Bass Bill Black
8%
The Ventures (1960-1968) Bass Nokie Edwards
8%
The Crickets (1957-1958) Drums Jerry Allison
5%
Ray Charles (1958 - at Newport Jazz Festival) Backing Vocals (Raelettes) Margie Hendrix
5%
Little Richard (1957 - first studio album) Baritone Saxophone Alvin "Red" Tyler
3%
Bo Diddley (1958-1959 - first two studio albums) Drums Clifton James / Frank Kirkland
3%
Bo Diddley (1958-1959 - first two studio albums) Piano Lafayette Leake / Otis Spann
3%
The Crickets (1957-1958) Rhythm Guitar Niki Sullivan
3%
Little Richard (1957 - first studio album) Drums Earl Palmer
2%
The Crickets (1957-1958) Bass Joe B. Mauldin
2%
Little Richard (1957 - first studio album) Tenor Saxophone Lee Allen
2%
Chuck Berry (1957-1958 - first two studio albums) Double Bass Willie Dixon
2%
Bo Diddley (1958-1959 - first two studio albums) Double Bass Willie Dixon
2%
Ray Charles (1958 - at Newport Jazz Festival) Baritone Saxophone Bennie Crawford
0%
The Ventures (1960-1968) Lead Guitar Bob Bogle
0%
Ray Charles (1958 - at Newport Jazz Festival) Backing Vocals (Raelettes) Darlene McCrea
0%
Ray Charles (1958 - at Newport Jazz Festival) Tenor Saxophone David "Fathead" Newman
0%
Little Richard (1957 - first studio album) Guitar Edgar Blanchard
0%
Ray Charles (1958 - at Newport Jazz Festival) Double Bass Edgar Willis
0%
Little Richard (1957 - first studio album) Bass Frank Fields
0%
Chuck Berry (1957-1958 - first two studio albums) Drums Fred Below / Ebby Hardy
0%
Elvis Presley (1956 - second studio album) Backing Vocals (Jordanaires) Gordon Stoker
0%
Elvis Presley (1956 - second studio album) Piano Gordon Stoker / Shorty Long
0%
Elvis Presley (1956 - second studio album) Backing Vocals (Jordanaires) Hoyt Hawkins
0%
Ray Charles (1958 - at Newport Jazz Festival) Trumpet Lee Harper
0%
Ray Charles (1958 - at Newport Jazz Festival) Trumpet Marcus Belgrave
0%
Elvis Presley (1956 - second studio album) Backing Vocals (Jordanaires) Neal Matthews Jr.
0%
Ray Charles (1958 - at Newport Jazz Festival) Backing Vocals (Raelettes) Pat Lyles
0%
Elvis Presley (1956 - second studio album) Backing Vocals (Jordanaires) Ray Walker
0%
Ray Charles (1958 - at Newport Jazz Festival) Drums Richie Goldberg
0%
No matching quizzes found
Score Distribution
Percent of People with Each Score
Percentile by Number Answered
Your Score History
You have not taken this quiz